000 02363cam a2200361 i 4500
001 768714001
003 CO-MdFUSB
005 20230307154804.0
007 ta
008 230307t19971984-us |||| |||| 00| 0 eng d
020 _a0664257240
040 _aDLC
_beng
_cCO-MdFUSB
_dOCLCQ
_dBAKER
_dYDXCP
_dBTCTA
_dOCLCG
_dBDX
_dOCLCO
_dOCLCA
_dOCLCQ
_dOCLCA
_dOCLCF
_dOCLCA
_dTUU
_dOCLCQ
_dTWS
_dNZABT
_dOCLCA
_dLMR
_erda
041 _aeng
082 _223
_a221.601
_bB293
100 1 _aBarton, John,
_d1948-
_eautor
245 1 0 _aReading the Old Testament :
_bmethod in biblical study
_c/ John Barton
250 _arevisada y ampliada
264 1 _aLouisville, Kentucky. :
_bWestminster John Knox Press,
_c©1996.
264 4 _c©1996.
300 _a294 páginas ;
_c22 cm.
336 _atexto
_btxt
_2rdacontent.
337 _asin mediación
_bn
_2rdamedia.
338 _avolumen
_bnc
_2rdacarrier.
504 _aIncluye referencias bibliográficas (páginas 273-285) e índices.
505 _a'Competencia literaria' y reconocimiento de género -- Crítica 'literaria' -- Crítica de forma -- Crítica de redacción -- Un ejemplo: Eclesiastés -- El enfoque canónico -- El canon como contexto -- Crítica estructural -- Estructuralismo bíblico -- El ' nueva crítica' -- 'El texto mismo' -- El texto y el lector -- El lector en el texto -- Teoría y textualidad.
520 _a"'Leer el Antiguo Testamento' está destinado a estudiantes que ya han aprendido algunas de las técnicas del estudio bíblico y que desean explorar las implicaciones y los objetivos más amplios de los diversos métodos críticos actualmente en uso. Proporciona una evaluación y comparación independientes de los últimos desarrollos contra lo antiguo, con capítulos sobre crítica de la forma, crítica de la redacción, crítica canónica, estructuralismo, crítica de la respuesta del lector y enfoques posmodernos. Todos estos métodos se aplican a Eclesiastés para ilustrar sus fortalezas particulares. Esta nueva edición de un libro altamente respetado y El texto clásico ha sido revisado y actualizado para evaluar los enfoques más recientes del estudio bíblico".
563 _aRústico
630 0 7 _aBiblia.
_pAntiguo Testamento
_xCrítica, interpretación, etc.
655 7 _aCriticism, interpretation, etc.
942 _cBK
945 _aJTF-925
999 _c68524
_d68524